Paramore - Emergency Lyrics - Statistics

General Stats
  • This quiz has been taken 25 times
  • The average score is 234 of 292
Answer Stats
Answer % Correct
an
100%
emergency
100%
have
100%
I
100%
then
100%
we
100%
think
95%
this
95%
is
90%
it
90%
me
90%
on
90%
you
90%
are
85%
be
85%
cause
85%
Cause
85%
holding
85%
If
85%
if
85%
no
85%
No
85%
to
85%
were
85%
what
85%
wrong
85%
your
85%
alive
80%
alive)
80%
But
80%
but
80%
cry
80%
deserve
80%
die
80%
I'd
80%
I've
80%
listening
80%
love
80%
many
80%
not
80%
see
80%
So
80%
so
80%
that
80%
thought
80%
times
80%
too
80%
way
80%
when
80%
(when
80%
won't
80%
about
75%
and
75%
cares
75%
do
75%
fault
75%
it's
75%
really
75%
seen
75%
stop
75%
talk
75%
can't
70%
one
70%
pretend
70%
watching
70%
don't
65%
leave
65%
best
60%
deserved
60%
feel
55%
just
55%
know
55%
show
55%
again
50%
give
50%
new
50%
get
45%
well
45%
chance
40%
every
35%
up
35%
will
30%
away
25%
fade
20%
These
15%
scars
10%
they
10%
No matching quizzes found
Score Distribution
Percent of People with Each Score
Percentile by Number Answered
Your Score History
You have not taken this quiz